Т. 1: Теоретические основы. Непродовольственные товары; Товароведение и экспертиза в таможенном деле

Dades bibliogràfiques
Parent link:Товароведение и экспертиза в таможенном деле: учебник: в 4 т./ С. Н. Гамидуллаев [и др.]. Т. 1: Теоретические основы. Непродовольственные товары.— , 2010.— 978-5-904406-09-7
Sumari:В первом томе учебника изложена информация, с учетом современного состояния технического и таможенного законодательства об общетеоретических и норма правовых основах обеспечения идентификации, международной классификации рования, качества и безопасности товаров. Рассмотрены применительно к тамо* практике товароведные характеристики текстильных, кожевенно-обувных, меховых товаров, нефтепродуктов, товаров из пластических масс, включая нологию, химический состав, классификацию, основы производства, ассорт экспертизу, упаковку, маркировку, транспортирование, хранение, а также особе! классификации в Товарной номенклатуре внешнеэкономической деятельност сийской Федерации. Учебник предназначен для студентов высших учебных заве
Idioma:rus
Publicat: 2010
Matèries:
Format: MixedMaterials Llibre
KOHA link:https://koha.lib.tpu.ru/cgi-bin/koha/opac-detail.pl?biblionumber=181430

MARC

LEADER 00000nam2a2200000 4500
001 181430
005 20231101223623.0
010 |a 9785904406103 
035 |a (RuTPU)RU\TPU\book\196677 
090 |a 181430 
100 |a 20100607d2010 m y0rusy50 ca 
101 0 |a rus 
102 |a RU 
105 |a y j 001zy 
200 0 |a Т. 1: Теоретические основы. Непродовольственные товары 
210 |d 2010 
215 |a 480 с. 
320 |a Библиогр.: с. 479-480. 
330 |a В первом томе учебника изложена информация, с учетом современного состояния технического и таможенного законодательства об общетеоретических и норма правовых основах обеспечения идентификации, международной классификации рования, качества и безопасности товаров. Рассмотрены применительно к тамо* практике товароведные характеристики текстильных, кожевенно-обувных, меховых товаров, нефтепродуктов, товаров из пластических масс, включая нологию, химический состав, классификацию, основы производства, ассорт экспертизу, упаковку, маркировку, транспортирование, хранение, а также особе! классификации в Товарной номенклатуре внешнеэкономической деятельност сийской Федерации. Учебник предназначен для студентов высших учебных заве 
461 1 |0 (RuTPU)RU\TPU\book\197116  |y 978-5-904406-09-7  |t Товароведение и экспертиза в таможенном деле  |o учебник: в 4 т.  |f С. Н. Гамидуллаев [и др.]  |v Т. 1: Теоретические основы. Непродовольственные товары  |d 2010 
606 1 |a Таможенное дело  |x Экономика  |2 stltpush  |3 (RuTPU)RU\TPU\subj\69328  |9 84236 
606 1 |a Товароведение  |2 stltpush  |3 (RuTPU)RU\TPU\subj\69426  |9 84277 
610 1 |a таможня 
610 1 |a экономика 
610 1 |a товары 
610 1 |a непродовольственные товары 
610 1 |a экспертиза 
610 1 |a стандартизация 
610 1 |a классификация 
610 1 |a кодирование 
610 1 |a качество 
610 1 |a маркировка 
610 1 |a текстильные товары 
610 1 |a ткани 
610 1 |a трикотаж 
610 1 |a ковры 
610 1 |a кожевенно-обувные товары 
610 1 |a кожевенное сырье 
610 1 |a обувь 
610 1 |a швейные изделия 
610 1 |a пушно-меховые товары 
610 1 |a одежда 
610 1 |a меховая одежда 
610 1 |a нефтепродукты 
610 1 |a нефть 
610 1 |a переработка 
610 1 |a ассортимент 
610 1 |a топливо 
610 1 |a масла 
610 1 |a бензин 
610 1 |a дизельное топливо 
610 1 |a мазут 
610 1 |a пластмассы 
610 1 |a полимерные изделия 
610 1 |a учебники 
675 |a 620.2(075.8)  |v 3 
686 |a У9(2)428я73  |v LBC/SL-A  |2 rubbk 
801 1 |a RU  |b 63413507  |c 20100607 
801 2 |a RU  |b 63413507  |c 20100906  |g RCR 
942 |c BK 
959 |a 59/20100906  |d 1  |e 580,00  |f АНЛ:1